IFM Opac

A Revision Notebook of East African Geography (Record no. 18198)

MARC details
000 -LEADER
fixed length control field 00333nam a22001217a 4500
082 ## - DEWEY DECIMAL CLASSIFICATION NUMBER
Classification number 916.7 BUR
100 ## - MAIN ENTRY--PERSONAL NAME
Personal name Burnett, D.S
245 ## - TITLE STATEMENT
Title A Revision Notebook of East African Geography
260 ## - PUBLICATION, DISTRIBUTION, ETC.
Place of publication, distribution, etc. London
Name of publisher, distributor, etc. Oxford University
Date of publication, distribution, etc. 1964
300 ## - PHYSICAL DESCRIPTION
Extent 55pg
Other physical details Ill,;24cm
650 ## - SUBJECT ADDED ENTRY--TOPICAL TERM
Topical term or geographic name entry element A Revision Notebook of East African Geography
942 ## - ADDED ENTRY ELEMENTS (KOHA)
Koha item type Books
Holdings
Withdrawn status Lost status Source of classification or shelving scheme Damaged status Not for loan Home library Current library Shelving location Date acquired Full call number Barcode Date last seen Price effective from Koha item type
    Dewey Decimal Classification     IFM Main Campus Library IFM Main Campus Library   08/11/2017 916.7 BUR 0000011181 08/11/2017 08/11/2017 Books